Top 5 European Leagues Top Clean Sheets: 2015/16 - Statistics

General Stats
  • This quiz has been taken 5 times
  • The average score is 14 of 26
Answer Stats
League Clean Sheets Club Nationality Player % Correct
Premier League 15 Manchester United Spain David de Gea
100%
Serie A 21 Juventus Italy Gianluigi Buffon
100%
Premier League 13 Tottenham France Hugo Lloris
100%
La Liga 24 Atletico Madrid Slovenia Jan Oblak
100%
Premier League 15 Manchester City England Joe Hart
100%
Premier League 15 Leicester Denmark Kasper Schmeichel
100%
La Liga 13 Real Madrid Costa Rica Keylor Navas
100%
Bundesliga 21 Bayern Munich Germany Manuel Neuer
100%
Premier League 16 Arsenal Czechia Petr Cech
100%
La Liga 16 Barcelona Chile Claudio Bravo
80%
Serie A 15 Inter Slovenia Samir Handanovic
80%
Bundesliga 13 Bayer Levekusen Germany Bernd Leno
60%
Serie A 15 Napoli Spain Pepe Reina
60%
Bundesliga 11 Augsburg Switzerland Marwin Hitz
40%
Bundesliga 12 Hertha Berlin Norway Rune Jarstein
40%
La Liga 15 Villarreal France Alphonse Areola
20%
La Liga 13 Real Sociedad Argentina Geronimo Rulli
20%
La Liga 14 Athletic Bilbao Spain Gorka Iraizoz
20%
Primeira Liga 12 Benfica Brazil Julio Caesar
20%
Bundesliga 12 Borussia Dortmund Switzerland Roman Burki
20%
Primeira Liga 18 Sporting Portugal Rui Patricio
20%
Serie A 12 Bologna Italy Antonio Mirante
0%
Primeira Liga 12 Rio Ave Brazil Cassio
0%
Serie A 15 Fiorentina Romania Ciprian Tatarusanu
0%
Primeira Liga 13 Porto Spain Iker Casillas
0%
Primeira Liga 14 Arouca Brazil Rafael Bracali
0%
No matching quizzes found
Score Distribution
Percent of People with Each Score
Percentile by Number Answered
Your Score History
You have not taken this quiz